[Event "Sao Paulo Carnaval op"]
[Site "Sao Paulo"]
[Date "2018.02.12"]
[Round "6"]
[White "Raimundo, Airton Carlos Nunes"]
[Black "Dias, Joao Batista de Sou"]
[Result "0-1"]
[WhiteElo "2020"]
[BlackElo "1807"]
[PlyCount "138"]
[EventDate "2018.02.10"]
[EventType "swiss"]
[EventRounds "7"]
[EventCountry "BRA"]
[SourceTitle "CBM 183 Extra"]
[Source "ChessBase"]
[SourceDate "2018.04.19"]
[SourceVersion "1"]
[SourceVersionDate "2018.04.19"]
[SourceQuality "1"]

1. d4 b6 2. e4 Bb7 3. Bd3 Nf6 4. Qe2 g6 5. Nf3 Bg7 6. e5 Nd5 7. a3 c6 8. c4 Nc7 9. Nc3 d5 10. cxd5 cxd5 11. h4 h5 12. Qc2 Kf8 13. Rh3 Nc6 14. Be3 Ne6 15. Rd1 Rc8 16. Bxg6 fxg6 17. Qxg6 Qd7 18. Ng5 Nxg5 19. hxg5 Nd8 20. Rxh5 Rxh5 21. Qxh5 Qf5 22. g4 Qf3 23. g6 Ke8 24. Qf5 Qg2 25. Kd2 Rc6 26. g5 Bc8 27. Qd3 a6 28. Ne2 Qf3 29. Ng3 Bg4 30. Rc1 Rxc1 31. Kxc1 Ne6 32. b4 Nc7 33. Qc2 Kd8 34. a4 Kd7 35. b5 axb5 36. axb5 Nxb5 37. Qa4 Kc6 38. Qa8+ Kc7 39. Qe8 Qd1+ 40. Kb2 Qd3 41. Qxe7+ Bd7 42. Qb4 Qxg6 43. Qb3 Bf8 44. Qc2+ Qxc2+ 45. Kxc2 Na3+ 46. Kb3 Nc4 47. Bc1 Na5+ 48. Kc3 Nc6 49. f4 Ne7 50. Ba3 Kd8 51. Bxe7+ Kxe7 52. g6 Bg4 53. f5 Bh6 54. f6+ Ke6 55. Nf1 Bh5 56. g7 Bf7 57. Ng3 Be3 58. Kd3 Bg5 59. Ne2 b5 60. Kc3 Kf5 61. Kb4 Ke4 62. Kxb5 Ke3 63. Kc6 Kxe2 64. Kd7 Kd3 65. Ke7 Bg8 66. Kf8 Be6 67. g8Q Bh6+ 68. Qg7 Bxg7+ 69. Kxg7 Kxd4 0-1

[Event "Florianopolis op 4th"]
[Site "Florianopolis"]
[Date "2018.01.22"]
[Round "5"]
[White "Raimundo, Airton Carlos Nunes"]
[Black "Negri, Daniel Julio S"]
[Result "1-0"]
[WhiteElo "2039"]
[BlackElo "1765"]
[PlyCount "49"]
[EventDate "2018.01.19"]
[EventType "swiss"]
[EventRounds "10"]
[EventCountry "BRA"]
[SourceTitle "EXT 2019"]
[Source "ChessBase"]
[SourceDate "2018.10.10"]
[SourceVersion "1"]
[SourceVersionDate "2018.10.10"]
[SourceQuality "1"]

1. d4 e6 2. e3 b6 3. f4 Bb7 4. Nf3 Nf6 5. Bd3 c5 6. 0-0 g6 7. Nbd2 d5 8. c3 Nbd7 9. Ne5 a6 10. Qf3 cxd4 11. exd4 b5 12. Qe2 Nb6 13. f5 gxf5 14. Bxf5 Be7 15. Bxe6 fxe6 16. Rxf6 Bxf6 17. Qh5+ Ke7 18. Qf7+ Kd6 19. Qxb7 Bxe5 20. dxe5+ Kxe5 21. Nf3+ Kf5 22. Qf7+ Qf6 23. Nd4+ Ke5 24. Bf4+ Qxf4 25. Qxe6# 1-0